| 000 | 00935nam a2200277 i 4500 | ||
|---|---|---|---|
| 001 | 29143 | ||
| 003 | BD-RjUL | ||
| 005 | 20211209051358.0 | ||
| 008 | 500101s1961 pk c b 001 0 eng d | ||
| 035 | _a(BD-RjUL)29228 | ||
| 040 |
_aMST _cMST _dBD-RjUL _beng |
||
| 041 | _aeng | ||
| 082 |
_a954.7 _bKHP 1961 |
||
| 090 |
_aDS385.K48 _bA3 |
||
| 100 | 1 |
_aKhaliquzzaman, Choudhry, _d1889- _988978 |
|
| 245 | 1 | 0 |
_aPathway to Pakistan / _cChoudhry Khaliquzzaman. |
| 260 |
_aLahore : _bLongmans, Pakistan Branch, _c1961. |
||
| 300 |
_axiv, 432 p., [8] leaves of plates : _bill., ports. ; _c25 cm. |
||
| 504 | _aIncludes bibliographical footnotes and index. | ||
| 600 | 1 | 0 |
_aKhaliquzzaman, Choudhry, _d1889- _988983 |
| 610 | 2 | 0 |
_aAll-India Muslim League _988984 |
| 650 | 0 |
_aPoliticians _zIndia _vBiography. _974007 |
|
| 651 | 0 |
_aIndia _xPolitics and government _y20th century. _988981 |
|
| 651 | 0 |
_aPakistan _xHistory. _988982 |
|
| 942 |
_2ddc _cBK |
||
| 999 |
_c29143 _d29143 |
||